| 000 | 00477nam a22001577a 4500 | ||
|---|---|---|---|
| 005 | 20251108164755.0 | ||
| 008 | 250721s1985 xx 000 0 ara d | ||
| 082 | 1 | 4 | _a810/محم |
| 100 | 1 | _aالصباغ، محمد بن لطفي | |
| 245 | 1 | 0 | _aالمناهج و الأطر التأليفية في تراثنا / |
| 264 | 1 |
_aدمشق : _bالمكتب الإسلامي، _c1985. |
|
| 300 | _a63ص | ||
| 650 | 1 | 7 | _aالأدب العربي |
| 942 |
_2ddc _cBK |
||
| 999 |
_c14023 _d14023 |
||